[Event "Tasmania op"]
[Site "Launceston"]
[Date "2016.03.12"]
[Round "2"]
[White "Rumley, William"]
[Black "Rout, Ian Clive"]
[Result "0-1"]
[WhiteElo "1017"]
[BlackElo "1948"]
[PlyCount "56"]
[EventDate "2016.03.11"]
[EventType "swiss"]
[EventRounds "7"]
[EventCountry "AUS"]
[SourceTitle "EXT 2018"]
[Source "ChessBase"]
[SourceDate "2017.10.13"]
[SourceVersion "1"]
[SourceVersionDate "2017.10.13"]
[SourceQuality "1"]

1. e4 e5 2. Nf3 Nc6 3. Bc4 Nf6 4. Ng5 d5 5. exd5 Na5 6. Bb5+ c6 7. dxc6 bxc6 8. Qf3 Rb8 9. Bxc6+ Nxc6 10. Qxc6+ Nd7 11. d3 Be7 12. h4 0-0 13. Nc3 Bb7 14. Qc4 Bxg2 15. Rg1 Rb4 16. Qa6 Bb7 17. Qxa7 Bc5 18. Qa3 Rxh4 19. Qb3 Rb4 20. Qa3 Rf4 21. Qb3 Bxf2+ 22. Kf1 Bxg1+ 23. Bxf4 exf4 24. Qxb7 Qxg5 25. Qxd7 Be3 26. Nd1 Qg1+ 27. Ke2 Qg2+ 28. Ke1 Bd2# 0-1

[Event "ACT-ch"]
[Site "Tuggeranong"]
[Date "2013.02.24"]
[Round "8"]
[White "Rout, Ian Clive"]
[Black "Brown, Andrew"]
[Result "0-1"]
[WhiteElo "1952"]
[BlackElo "2295"]
[PlyCount "68"]
[EventDate "2013.02.15"]
[EventType "swiss"]
[EventRounds "9"]
[EventCountry "AUS"]
[SourceTitle "EXT 2015"]
[Source "ChessBase"]
[SourceDate "2014.11.20"]
[SourceVersion "1"]
[SourceVersionDate "2014.11.20"]
[SourceQuality "1"]

1. e4 c5 2. Nf3 Nc6 3. d4 cxd4 4. Nxd4 g6 5. c4 Nf6 6. Nc3 d6 7. Be2 Nxd4 8. Qxd4 Bg7 9. 0-0 0-0 10. h3 Be6 11. Qe3 a5 12. Bd2 a4 13. f4 Qc7 14. Rac1 Rfc8 15. Nd5 Bxd5 16. cxd5 Qd8 17. Bc3 a3 18. b3 Rxc3 19. Rxc3 Nxe4 20. Rc4 Nc5 21. f5 Nd7 22. fxg6 hxg6 23. Rcf4 Bh6 24. Bd3 Bxf4 25. Qxf4 Ne5 26. Bb1 Kg7 27. Rc1 Rc8 28. h4 Qb6+ 29. Kh1 Rxc1+ 30. Qxc1 Qd4 31. h5 Ng4 32. hxg6 Nf2+ 33. Kh2 Qh4+ 34. Kg1 Qh1+ 0-1

[Event "ACT-ch"]
[Site "Tuggeranong"]
[Date "2013.02.17"]
[Round "4"]
[White "Rout, Ian Clive"]
[Black "Guo, Jamie Lee"]
[Result "1-0"]
[WhiteElo "1952"]
[BlackElo "1748"]
[PlyCount "43"]
[EventDate "2013.02.15"]
[EventType "swiss"]
[EventRounds "9"]
[EventCountry "AUS"]
[SourceTitle "EXT 2015"]
[Source "ChessBase"]
[SourceDate "2014.11.20"]
[SourceVersion "1"]
[SourceVersionDate "2014.11.20"]
[SourceQuality "1"]

1. Nc3 Nf6 2. e4 d6 3. d4 g6 4. Bg5 Nbd7 5. Nf3 h6 6. Be3 Bg7 7. Be2 c6 8. a4 a6 9. 0-0 Qc7 10. Qd2 Ng8 11. h3 e6 12. Nh2 Ne7 13. Rae1 f5 14. exf5 gxf5 15. Bf4 e5 16. Bh5+ Kd8 17. dxe5 dxe5 18. Bg3 Bf6 19. Nf3 f4 20. Ne4 Nd5 21. Nxf6 N5xf6 22. Nxe5 1-0

[Event "Australian op"]
[Site "Cammeray"]
[Date "2013.01.08"]
[Round "7"]
[White "Rout, Ian Clive"]
[Black "Glissan, Paul"]
[Result "1/2-1/2"]
[WhiteElo "1975"]
[BlackElo "1860"]
[PlyCount "71"]
[EventDate "2013.01.02"]
[EventType "swiss"]
[EventRounds "11"]
[EventCountry "AUS"]
[SourceTitle "CBM 152 Extra"]
[Source "ChessBase"]
[SourceDate "2013.02.25"]
[SourceVersion "1"]
[SourceVersionDate "2013.02.25"]
[SourceQuality "1"]

1. d4 Nf6 2. c4 g6 3. Nc3 Bg7 4. e4 d6 5. Be2 0-0 6. Bg5 h6 7. Be3 e5 8. Nf3 Ng4 9. Bc1 exd4 10. Nxd4 f5 11. 0-0 Nc6 12. Nxc6 bxc6 13. exf5 gxf5 14. Bf4 Rb8 15. Qd2 Qf6 16. Rac1 Ne5 17. b3 Kh7 18. Be3 a6 19. Bd4 Qg6 20. f4 c5 21. Bxe5 dxe5 22. fxe5 Bxe5 23. Nd5 Bb7 24. Bf3 Qg5 25. Qxg5 hxg5 26. Rfe1 Bd4+ 27. Kf1 g4 28. Re7+ Kh6 29. Be2 c6 30. Nf4 Rfe8 31. Rxe8 Rxe8 32. Bd3 Kg5 33. g3 Bc8 34. Re1 Rxe1+ 35. Kxe1 Be5 36. Ne2 1/2-1/2

[Event "Doeberl Cup Premier 50th"]
[Site "Canberra"]
[Date "2012.04.08"]
[Round "9"]
[White "Wei, Michael"]
[Black "Rout, Ian Clive"]
[Result "1/2-1/2"]
[WhiteElo "2130"]
[BlackElo "1964"]
[PlyCount "41"]
[EventDate "2012.04.05"]
[EventType "swiss"]
[EventRounds "9"]
[EventCountry "AUS"]
[SourceTitle "EXT 2023"]
[Source "ChessBase"]
[SourceDate "2022.10.05"]
[SourceVersion "1"]
[SourceVersionDate "2022.10.05"]
[SourceQuality "1"]

1. Nf3 e6 2. d4 d5 3. g3 Nf6 4. Bg2 c5 5. c3 Nbd7 6. 0-0 Bd6 7. Nbd2 0-0 8. Re1 b6 9. e4 dxe4 10. Nxe4 Nxe4 11. Rxe4 Bb7 12. Re1 Nf6 13. dxc5 Bxc5 14. Bf4 Qxd1 15. Raxd1 Ne4 16. Be3 Rfd8 17. Ng5 Bxe3 18. Nxe4 Bh6 19. Nf6+ gxf6 20. Bxb7 Rab8 21. Ba6 1/2-1/2

[Event "Doeberl Cup Premier 50th"]
[Site "Canberra"]
[Date "2012.04.07"]
[Round "6"]
[White "Rout, Ian Clive"]
[Black "Broekhuijse, Paul"]
[Result "0-1"]
[WhiteElo "1964"]
[BlackElo "2068"]
[PlyCount "38"]
[EventDate "2012.04.05"]
[EventType "swiss"]
[EventRounds "9"]
[EventCountry "AUS"]
[SourceTitle "EXT 2023"]
[Source "ChessBase"]
[SourceDate "2022.10.05"]
[SourceVersion "1"]
[SourceVersionDate "2022.10.05"]
[SourceQuality "1"]

1. d4 Nf6 2. c4 e6 3. Nf3 d5 4. Nc3 Bb4 5. e3 0-0 6. Bd3 c5 7. a3 Bxc3+ 8. bxc3 Nc6 9. 0-0 Qc7 10. Qe2 dxc4 11. Bxc4 e5 12. Rd1 Bg4 13. h3 Bh5 14. g4 Nxg4 15. hxg4 Bxg4 16. Bd5 Rad8 17. c4 Qd6 18. dxe5 Qg6 19. Qd3 Bf5+ 0-1

[Event "Doeberl Cup Premier 50th"]
[Site "Canberra"]
[Date "2012.04.06"]
[Round "3"]
[White "Muller, Jonas"]
[Black "Rout, Ian Clive"]
[Result "0-1"]
[WhiteElo "2090"]
[BlackElo "1964"]
[PlyCount "84"]
[EventDate "2012.04.05"]
[EventType "swiss"]
[EventRounds "9"]
[EventCountry "AUS"]
[SourceTitle "EXT 2023"]
[Source "ChessBase"]
[SourceDate "2022.10.05"]
[SourceVersion "1"]
[SourceVersionDate "2022.10.05"]
[SourceQuality "1"]

1. e4 e5 2. Nf3 Nc6 3. Bb5 a6 4. Ba4 Nf6 5. 0-0 Be7 6. Re1 b5 7. Bb3 0-0 8. d4 d6 9. c3 Bg4 10. Be3 exd4 11. cxd4 Na5 12. Bc2 Nc4 13. Bc1 c5 14. b3 Nb6 15. Nbd2 cxd4 16. Bb2 Nfd7 17. Bxd4 Bf6 18. Bxf6 Qxf6 19. Qe2 Rac8 20. Rac1 Ne5 21. Qe3 Nbd7 22. Nd4 Bh5 23. h3 Rfe8 24. f4 Nc6 25. Nxc6 Rxc6 26. g4 Bg6 27. e5 dxe5 28. f5 Rec8 29. Ne4 Qh4 30. Re2 h5 31. fxg6 Rxg6 32. g5 f5 33. Qg3 Qxg3+ 34. Nxg3 Rxg5 35. Kf2 e4 36. Rg1 Ne5 37. Nf1 Rxg1 38. Kxg1 Nf3+ 39. Kh1 Nd4 40. Rd2 Nxc2 41. Rd6 e3 42. Ng3 f4 0-1

[Event "Doeberl Cup 50th"]
[Site "Canberra"]
[Date "2012.04.05"]
[Round "1"]
[White "Dragicevic, Domagoj"]
[Black "Rout, Ian Clive"]
[Result "1-0"]
[WhiteElo "2328"]
[BlackElo "1964"]
[PlyCount "71"]
[EventDate "2012.04.05"]
[EventType "swiss"]
[EventRounds "9"]
[EventCountry "AUS"]
[SourceTitle "CBM 147 Extra"]
[Source "ChessBase"]
[SourceDate "2012.04.24"]
[SourceVersion "1"]
[SourceVersionDate "2012.04.24"]
[SourceQuality "1"]

1. e4 e6 2. d3 c5 3. g3 Nc6 4. Bg2 Nge7 5. Nc3 g6 6. Be3 d6 7. Qd2 Nd4 8. Nd1 Rb8 9. c3 Ndc6 10. Ne2 b5 11. 0-0 Bg7 12. Bh6 0-0 13. Bxg7 Kxg7 14. d4 b4 15. Ne3 Ba6 16. Rfd1 bxc3 17. bxc3 Qb6 18. Nf4 cxd4 19. cxd4 Qb2 20. d5 exd5 21. Nfxd5 Be2 22. Nxe7 Nxe7 23. Qxb2+ Rxb2 24. Rxd6 Rfb8 25. Bf1 Bf3 26. Nc4 Rc2 27. Bd3 Rc3 28. Ne5 Bh5 29. g4 Nc8 30. Rd4 f6 31. Nd7 Rb2 32. gxh5 Rd2 33. e5 Rcxd3 34. exf6+ Kh6 35. Rxd3 Rxd3 36. f7 1-0

[Event "AUS-ch Reserves"]
[Site "Geelong"]
[Date "2011.12.31"]
[Round "5"]
[White "Savige, Colin"]
[Black "Rout, Ian Clive"]
[Result "1-0"]
[WhiteElo "2066"]
[BlackElo "1947"]
[PlyCount "79"]
[EventDate "2011.12.27"]
[EventType "swiss"]
[EventRounds "11"]
[EventCountry "AUS"]
[SourceTitle "EXT 2023"]
[Source "ChessBase"]
[SourceDate "2022.10.05"]
[SourceVersion "1"]
[SourceVersionDate "2022.10.05"]
[SourceQuality "1"]

1. e4 e6 2. d4 d5 3. Nc3 Bb4 4. e5 c5 5. a3 Bxc3+ 6. bxc3 Ne7 7. Qg4 Nf5 8. Bd3 h5 9. Qf4 Qc7 10. Ne2 Ne7 11. Bb5+ Nd7 12. 0-0 a6 13. Bxd7+ Bxd7 14. a4 cxd4 15. cxd4 Qxc2 16. Re1 Rc8 17. Ba3 Qf5 18. Qe3 h4 19. h3 g5 20. Bxe7 Kxe7 21. Qa3+ Ke8 22. Rac1 Bc6 23. Rc3 Qe4 24. Re3 Qc2 25. Rc1 Qd2 26. a5 Bd7 27. Rxc8+ Bxc8 28. Qd6 Qxa5 29. Rc3 Qd8 30. Qb8 Kd7 31. Qd6+ Ke8 32. Qb8 Kd7 33. Nc1 Rg8 34. Nd3 b6 35. Nb4 g4 36. hxg4 Rxg4 37. Rc6 Rxg2+ 38. Kxg2 Qg5+ 39. Kf1 Qg4 40. Qd6+ 1-0

[Event "AUS-ch Reserves"]
[Site "Geelong"]
[Date "2011.12.29"]
[Round "3"]
[White "Khaled, Omar"]
[Black "Rout, Ian Clive"]
[Result "0-1"]
[WhiteElo "2010"]
[BlackElo "1947"]
[PlyCount "76"]
[EventDate "2011.12.27"]
[EventType "swiss"]
[EventRounds "11"]
[EventCountry "AUS"]
[SourceTitle "EXT 2023"]
[Source "ChessBase"]
[SourceDate "2022.10.05"]
[SourceVersion "1"]
[SourceVersionDate "2022.10.05"]
[SourceQuality "1"]

1. d4 d5 2. c4 e6 3. Nf3 Nf6 4. e3 c5 5. Nc3 Nc6 6. Be2 dxc4 7. Bxc4 a6 8. 0-0 b5 9. Bb3 Bb7 10. d5 exd5 11. Nxd5 c4 12. Nxf6+ Qxf6 13. Bc2 Rd8 14. Qe2 Bd6 15. e4 Ne5 16. Ne1 0-0 17. Be3 Ng6 18. Rb1 Bxe4 19. g3 Bb7 20. f4 Rfe8 21. Qf2 Bc7 22. Ba7 Ne7 23. Rd1 Nc6 24. Bc5 Ba5 25. Nf3 Nb4 26. Bb1 Qc6 27. Rxd8 Rxd8 28. Be3 Nd3 29. Qg2 Re8 30. Bd4 Qd7 31. Bf2 Re2 32. Bxd3 Qxd3 33. b4 cxb3 34. axb3 Bxf3 35. Qh3 f5 36. Rc1 Bb7 37. Qh5 g6 38. Qg5 Qf3 0-1

[Event "AUS-ch Reserves"]
[Site "Geelong"]
[Date "2011.12.27"]
[Round "1"]
[White "Dale, Finley"]
[Black "Rout, Ian Clive"]
[Result "0-1"]
[WhiteElo "1641"]
[BlackElo "1947"]
[PlyCount "34"]
[EventDate "2011.12.27"]
[EventType "swiss"]
[EventRounds "11"]
[EventCountry "AUS"]
[SourceTitle "EXT 2023"]
[Source "ChessBase"]
[SourceDate "2022.10.05"]
[SourceVersion "1"]
[SourceVersionDate "2022.10.05"]
[SourceQuality "1"]

1. e4 e5 2. d4 exd4 3. c3 Qe7 4. Qc2 d5 5. f3 Nf6 6. Bd3 Nc6 7. Ne2 dxe4 8. fxe4 dxc3 9. Nbxc3 Nb4 10. Qd1 Bg4 11. 0-0 0-0-0 12. Bd2 Nxd3 13. Qc2 Qc5+ 14. Kh1 Bxe2 15. Rf5 Qc6 16. h3 Nxe4 17. Rxf7 Nxd2 0-1

[Event "Doeberl Cup 49th"]
[Site "Canberra"]
[Date "2011.04.21"]
[Round "1"]
[White "Rout, Ian Clive"]
[Black "Stojic, Dusan"]
[Result "0-1"]
[WhiteElo "1983"]
[BlackElo "2306"]
[PlyCount "94"]
[EventDate "2011.04.21"]
[EventType "swiss"]
[EventRounds "9"]
[EventCountry "AUS"]
[SourceTitle "CBM 141 Extra"]
[Source "ChessBase"]
[SourceDate "2011.05.03"]
[SourceVersion "1"]
[SourceVersionDate "2011.05.03"]
[SourceQuality "1"]

1. Nf3 c5 2. c4 g6 3. g3 Bg7 4. Bg2 Nc6 5. Nc3 e5 6. d3 Nge7 7. Nd2 d6 8. Nf1 Rb8 9. Ne3 0-0 10. Ned5 a6 11. a4 Be6 12. 0-0 Qd7 13. Bg5 f6 14. Bd2 f5 15. Rb1 h6 16. Nb6 Qd8 17. Ncd5 g5 18. b4 cxb4 19. Bxb4 Nxb4 20. Rxb4 Nc6 21. Rb1 g4 22. e3 h5 23. Qd2 h4 24. Nb4 Ne7 25. N6d5 Ng6 26. Nc3 Kh7 27. Nc2 Qe7 28. Rb6 f4 29. exf4 exf4 30. Be4 fxg3 31. hxg3 hxg3 32. fxg3 Rxf1+ 33. Kxf1 Qf6+ 34. Kg1 Qxc3 35. Qh2+ Bh6 36. Rxd6 Qe5 37. Rxe6 Qxe6 38. Qh5 Rf8 39. Ne3 Kg7 40. Nf5+ Rxf5 41. Qxf5 Be3+ 42. Kf1 Qxf5+ 43. Bxf5 Ne5 44. Ke2 Bd4 45. Bc8 a5 46. Bxb7 Kf6 47. Bc8 Ke7 0-1

[Event "AUS-ch Major"]
[Site "Cammeray"]
[Date "2011.01.06"]
[Round "5"]
[White "Rout, Ian Clive"]
[Black "Glissan, Paul"]
[Result "1/2-1/2"]
[WhiteElo "1983"]
[BlackElo "1887"]
[PlyCount "135"]
[EventDate "2011.01.02"]
[EventType "swiss"]
[EventRounds "11"]
[EventCountry "AUS"]
[SourceTitle "CBM 140 Extra"]
[Source "ChessBase"]
[SourceDate "2011.03.01"]
[SourceVersion "1"]
[SourceVersionDate "2011.03.01"]
[SourceQuality "1"]

1. d4 Nf6 2. c4 g6 3. g3 Bg7 4. Bg2 0-0 5. Nc3 d6 6. Nf3 Nbd7 7. 0-0 a6 8. e4 e5 9. Be3 Re8 10. h3 exd4 11. Nxd4 Nc5 12. Qc2 Ne6 13. Rad1 Qe7 14. Rfe1 c6 15. f4 Nh5 16. Qf2 Qc7 17. g4 Nf6 18. f5 Nc5 19. Bf4 Nfd7 20. Nb3 Be5 21. Bxe5 Rxe5 22. fxg6 hxg6 23. Rf1 Re7 24. Qh4 Ne5 25. Rf6 Be6 26. Nxc5 dxc5 27. Qf2 Nxc4 28. Qxc5 Qb6 29. Qxb6 Nxb6 30. e5 Nc4 31. Rf2 Nxe5 32. Re2 Nc4 33. b3 Nb6 34. Ne4 Kg7 35. Nc5 Rae8 36. Rd4 Bd5 37. Rxe7 Rxe7 38. Rb4 Bxg2 39. Kxg2 Nd5 40. Rxb7 Re2+ 41. Kf3 Rxa2 42. g5 Rc2 43. Ne6+ Kg8 44. Rb8+ Kh7 45. Nd8 Rc3+ 46. Ke4 Re3+ 47. Kd4 Re8 48. Kc5 Nf4 49. Kxc6 Nxh3 50. Kd7 Rg8 51. Rb6 Nxg5 52. Rxa6 f5 53. Ra1 Rg7+ 54. Kd6 Ne4+ 55. Ke5 Re7+ 56. Kf4 Nc5 57. b4 Nd3+ 58. Kg5 Nxb4 59. Rd1 Nc2 60. Kf6 Rg7 61. Nf7 Rxf7+ 62. Kxf7 Kh6 63. Kf6 Kh5 64. Rh1+ Kg4 65. Rg1+ Kf3 66. Kxg6 Ne3 67. Rf1+ Nxf1 68. Kxf5 1/2-1/2

[Event "Doeberl Cup 48th"]
[Site "Canberra"]
[Date "2010.04.04"]
[Round "8"]
[White "Rout, Ian Clive"]
[Black "Yuan, Yi"]
[Result "0-1"]
[WhiteElo "1988"]
[BlackElo "2151"]
[PlyCount "78"]
[EventDate "2010.04.01"]
[EventType "swiss"]
[EventRounds "9"]
[EventCountry "AUS"]
[SourceTitle "CBM 135 Extra"]
[Source "ChessBase"]
[SourceDate "2010.05.04"]
[SourceVersion "1"]
[SourceVersionDate "2010.05.04"]
[SourceQuality "1"]

1. d4 Nf6 2. c4 g6 3. Nc3 Bg7 4. Bg5 0-0 5. e3 d6 6. Nf3 Nbd7 7. Nd2 h6 8. Bh4 c5 9. d5 a6 10. a4 b6 11. Be2 Rb8 12. 0-0 Ne8 13. Qc2 Nc7 14. f4 Nf6 15. e4 Nfe8 16. h3 Bd7 17. Rab1 b5 18. axb5 axb5 19. b4 cxb4 20. Rxb4 Na6 21. Rbb1 b4 22. Nb5 Nec7 23. Nxc7 Qxc7 24. Bxe7 Rfe8 25. Bh4 Nc5 26. Bf3 b3 27. Qd1 b2 28. Re1 Ba4 29. Qe2 Bc2 30. Bg3 Bd4+ 31. Kh1 Bd3 32. Qd1 Bc3 33. Re3 Bxd2 34. Rxd3 Nxd3 35. Qxd2 Qxc4 36. Kh2 Rb3 37. Be2 Qc1 38. Qxd3 Rxd3 39. Bxd3 Ra8 0-1

[Event "Doeberl Cup 48th"]
[Site "Canberra"]
[Date "2010.04.03"]
[Round "6"]
[White "McNamara, Gary John"]
[Black "Rout, Ian Clive"]
[Result "1/2-1/2"]
[WhiteElo "2117"]
[BlackElo "1988"]
[PlyCount "60"]
[EventDate "2010.04.01"]
[EventType "swiss"]
[EventRounds "9"]
[EventCountry "AUS"]
[SourceTitle "CBM 135 Extra"]
[Source "ChessBase"]
[SourceDate "2010.05.04"]
[SourceVersion "1"]
[SourceVersionDate "2010.05.04"]
[SourceQuality "1"]

1. c4 c6 2. Nf3 d5 3. e3 Nf6 4. Nc3 Nbd7 5. d4 e6 6. Qc2 Bd6 7. g4 dxc4 8. Bxc4 e5 9. h3 0-0 10. dxe5 Nxe5 11. Nxe5 Bxe5 12. Bd2 Nd5 13. Qb3 Nxc3 14. Bxc3 Qf6 15. Bxe5 Qxe5 16. 0-0-0 g6 17. Qc3 Qxc3+ 18. bxc3 b5 19. Bb3 a5 20. a3 c5 21. Rd6 c4 22. Bc2 Be6 23. Rhd1 Rfb8 24. Be4 Ra7 25. f4 Re7 26. Bc2 f5 27. gxf5 Bxf5 28. Bxf5 gxf5 29. Rg1+ Rg7 30. Rxg7+ Kxg7 1/2-1/2

[Event "Doeberl Cup 48th"]
[Site "Canberra"]
[Date "2010.04.02"]
[Round "4"]
[White "Steadman, Michael VR"]
[Black "Rout, Ian Clive"]
[Result "1-0"]
[WhiteElo "2264"]
[BlackElo "1988"]
[PlyCount "81"]
[EventDate "2010.04.01"]
[EventType "swiss"]
[EventRounds "9"]
[EventCountry "AUS"]
[SourceTitle "CBM 135 Extra"]
[Source "ChessBase"]
[SourceDate "2010.05.04"]
[SourceVersion "1"]
[SourceVersionDate "2010.05.04"]
[SourceQuality "1"]

1. d4 d5 2. c4 c6 3. Nf3 Nf6 4. Nc3 dxc4 5. a4 Bf5 6. Nh4 Bc8 7. e3 e6 8. Bxc4 Bb4 9. Nf3 0-0 10. 0-0 Nbd7 11. Qc2 Qe7 12. Re1 e5 13. Bd2 Nb6 14. Nxe5 Ng4 15. Bd3 Nxe5 16. dxe5 Qxe5 17. Bxh7+ Kh8 18. Be4 Re8 19. Bf3 Bf5 20. e4 Bg6 21. Qb3 Bd6 22. g3 Qf6 23. Bg2 Rad8 24. Be3 Nd7 25. Qxb7 Bc5 26. Bxc5 Nxc5 27. Qxa7 Nd3 28. Re2 c5 29. Qa5 Bh5 30. Rd2 Bf3 31. Nd5 Rxd5 32. exd5 Ne1 33. Bf1 Bg4 34. Ra3 Nf3+ 35. Rxf3 Qxf3 36. Rd3 Qf5 37. Qd2 Qd7 38. b3 Re5 39. d6 Rf5 40. Rd5 Rf6 41. Bb5 1-0

[Event "Doeberl Cup 48th"]
[Site "Canberra"]
[Date "2010.04.01"]
[Round "2"]
[White "Wright, Neil"]
[Black "Rout, Ian Clive"]
[Result "1-0"]
[WhiteElo "2185"]
[BlackElo "1988"]
[PlyCount "49"]
[EventDate "2010.04.01"]
[EventType "swiss"]
[EventRounds "9"]
[EventCountry "AUS"]
[SourceTitle "CBM 135 Extra"]
[Source "ChessBase"]
[SourceDate "2010.05.04"]
[SourceVersion "1"]
[SourceVersionDate "2010.05.04"]
[SourceQuality "1"]

1. Nf3 Nf6 2. c4 e6 3. d4 d5 4. g3 c5 5. cxd5 Nxd5 6. Bg2 cxd4 7. 0-0 Be7 8. Nxd4 0-0 9. Nc3 Nxc3 10. bxc3 Nd7 11. Be3 Nc5 12. Rb1 Qa5 13. Qc2 a6 14. Nb3 Nxb3 15. Rxb3 Bf6 16. Rc1 g6 17. c4 Qc7 18. Bb6 Qe7 19. c5 e5 20. c6 Bf5 21. Be4 Bxe4 22. Qxe4 bxc6 23. Bc5 Qd7 24. Bxf8 Rxf8 25. Rd3 1-0

[Event "AUS-ch Major"]
[Site "Cammeray"]
[Date "2010.01.13"]
[Round "11"]
[White "Rout, Ian Clive"]
[Black "Haron, Greg"]
[Result "0-1"]
[WhiteElo "1868"]
[BlackElo "2058"]
[PlyCount "114"]
[EventDate "2010.01.02"]
[EventType "swiss"]
[EventRounds "11"]
[EventCountry "AUS"]
[SourceTitle "EXT 2011"]
[Source "ChessBase"]
[SourceDate "2010.11.26"]
[SourceVersion "1"]
[SourceVersionDate "2010.11.26"]
[SourceQuality "1"]

1. d4 Nf6 2. c4 e6 3. Nc3 Bb4 4. e3 0-0 5. Nge2 d5 6. a3 Be7 7. cxd5 exd5 8. Ng3 Re8 9. Bd3 Nbd7 10. 0-0 b6 11. b4 c5 12. dxc5 bxc5 13. Bb5 Bb7 14. Nf5 Bf8 15. bxc5 Bxc5 16. Bb2 a6 17. Bxd7 Qxd7 18. g4 Bf8 19. Qd4 Rac8 20. Rfd1 Qe6 21. h3 h5 22. f3 hxg4 23. hxg4 Rc4 24. Ne2 Rxd4 25. Nexd4 Qd7 26. Kf2 g6 27. Rh1 gxf5 28. Nxf5 d4 29. Bxd4 Nxg4+ 30. Ke2 f6 31. Rh5 Ne5 32. Rg1+ Kf7 33. Rh7+ Ke6 34. Rxd7 Nxd7 35. Ng7+ Bxg7 36. Rxg7 Re7 37. Rxe7+ Kxe7 38. e4 Kf7 39. Ke3 Kg6 40. Kf4 Nf8 41. Ke3 Kf7 42. Bb6 Nd7 43. Bd4 Bc6 44. Kf4 Ke6 45. Ke3 Ne5 46. Bxe5 Kxe5 47. f4+ Ke6 48. Kd4 Kd7 49. e5 f5 50. Kc5 Kc7 51. Kb4 Kb6 52. a4 Bd5 53. a5+ Kc6 54. Kc3 Kc5 55. Kd3 Bc4+ 56. Kc3 Bb5 57. Kd2 Kd4 0-1

[Event "AUS-ch Major"]
[Site "Cammeray"]
[Date "2010.01.12"]
[Round "10"]
[White "Tang, Jason"]
[Black "Rout, Ian Clive"]
[Result "1-0"]
[WhiteElo "1996"]
[BlackElo "1868"]
[PlyCount "81"]
[EventDate "2010.01.02"]
[EventType "swiss"]
[EventRounds "11"]
[EventCountry "AUS"]
[SourceTitle "EXT 2011"]
[Source "ChessBase"]
[SourceDate "2010.11.26"]
[SourceVersion "1"]
[SourceVersionDate "2010.11.26"]
[SourceQuality "1"]

1. d4 d5 2. c4 c6 3. Nf3 Nf6 4. e3 Bg4 5. cxd5 Bxf3 6. Qxf3 cxd5 7. Nc3 e6 8. Bd2 a6 9. Bd3 Bd6 10. Rc1 Nc6 11. g4 Nd7 12. h4 h6 13. a3 Qf6 14. Qg2 g5 15. hxg5 hxg5 16. Rxh8+ Qxh8 17. Ke2 Qf6 18. Rh1 Nf8 19. Qh3 Ng6 20. Qh6 Bf8 21. Qh5 Nh4 22. f4 0-0-0 23. Qxg5 Qxg5 24. fxg5 Ng6 25. Rh7 Rd7 26. Na4 Kd8 27. b4 Ke8 28. Nc5 Re7 29. Bxg6 fxg6 30. Rxe7+ Bxe7 31. Nxb7 Kf7 32. Nc5 Nb8 33. e4 dxe4 34. Nxe4 Nc6 35. Kd3 e5 36. d5 Nd4 37. Bc3 Nb5 38. a4 Nxc3 39. Kxc3 Ke8 40. d6 Bd8 41. Kc4 1-0

[Event "AUS-ch Major"]
[Site "Cammeray"]
[Date "2010.01.09"]
[Round "7"]
[White "Rout, Ian Clive"]
[Black "Shi, Dawen"]
[Result "0-1"]
[WhiteElo "1868"]
[BlackElo "1525"]
[PlyCount "70"]
[EventDate "2010.01.02"]
[EventType "swiss"]
[EventRounds "11"]
[EventCountry "AUS"]
[SourceTitle "EXT 2011"]
[Source "ChessBase"]
[SourceDate "2010.11.26"]
[SourceVersion "1"]
[SourceVersionDate "2010.11.26"]
[SourceQuality "1"]

1. d4 Nf6 2. c4 g6 3. Nc3 Bg7 4. Nf3 0-0 5. Bg5 d6 6. e3 c5 7. d5 e6 8. Be2 exd5 9. cxd5 Bg4 10. h3 Bxf3 11. Bxf3 Nbd7 12. 0-0 Re8 13. Qc2 a6 14. a4 Qc7 15. Rad1 Ne5 16. Be2 Rac8 17. f4 Ned7 18. e4 Qa5 19. b3 Qb4 20. Bd3 Nb6 21. Rb1 Qa5 22. Bh4 Nbd7 23. Nd1 b5 24. axb5 axb5 25. Nc3 c4 26. bxc4 bxc4 27. Be2 Qd8 28. Rb7 Nc5 29. Ra7 Qb6 30. Ra2 Ncxe4+ 31. Kh2 Nxc3 32. Qxc3 Nxd5 33. Qd2 Nb4 34. Rb1 c3 35. Qc1 Nxa2 0-1

[Event "AUS-ch Major"]
[Site "Cammeray"]
[Date "2010.01.08"]
[Round "6"]
[White "Sheldrick, Kevin"]
[Black "Rout, Ian Clive"]
[Result "1/2-1/2"]
[WhiteElo "1969"]
[BlackElo "1868"]
[PlyCount "130"]
[EventDate "2010.01.02"]
[EventType "swiss"]
[EventRounds "11"]
[EventCountry "AUS"]
[SourceTitle "EXT 2011"]
[Source "ChessBase"]
[SourceDate "2010.11.26"]
[SourceVersion "1"]
[SourceVersionDate "2010.11.26"]
[SourceQuality "1"]

1. e4 e6 2. d4 d5 3. Nc3 Nf6 4. Bg5 Bb4 5. e5 h6 6. Bd2 Bxc3 7. bxc3 Ne4 8. Qg4 g6 9. Bd3 Nxd2 10. Kxd2 c5 11. Nf3 Qa5 12. Rhb1 cxd4 13. Nxd4 a6 14. Qf4 Qd8 15. h4 g5 16. Qe3 Nd7 17. f4 gxf4 18. Qxf4 Qc7 19. Re1 Nb6 20. Rf1 Rf8 21. Qxh6 Na4 22. Ne2 Qxe5 23. Rf3 Bd7 24. Bg6 0-0-0 25. Rxf7 Rxf7 26. Bxf7 Nc5 27. Qe3 Ne4+ 28. Ke1 Rf8 29. Bg6 Qf6 30. Bxe4 dxe4 31. Kd2 Bb5 32. Re1 Rd8+ 33. Kc1 Bxe2 34. Rxe2 Qxh4 35. Qxe4 Qh6+ 36. Kb2 Rd6 37. Re1 Rb6+ 38. Ka1 Rc6 39. Qe3 Qg6 40. Rh1 Kc7 41. Qe5+ Kb6 42. a4 Qf5 43. a5+ Ka7 44. Qd4+ Qc5 45. Kb2 e5 46. Qxc5+ Rxc5 47. g4 Rxa5 48. c4 b5 49. cxb5 Rxb5+ 50. Kc3 Kb6 51. Rh6+ Ka5 52. Re6 Rc5+ 53. Kd3 Kb5 54. Re8 a5 55. c4+ Kb6 56. Rg8 e4+ 57. Kxe4 Rxc4+ 58. Kd3 Rc1 59. g5 a4 60. g6 Rg1 61. Kc3 Rg4 62. Kb2 Rg3 63. g7 Kb7 64. Ka2 a3 65. Rf8 Rxg7 1/2-1/2

[Event "AUS-ch Major"]
[Site "Cammeray"]
[Date "2010.01.04"]
[Round "3"]
[White "Rout, Ian Clive"]
[Black "Bolens, Johnny"]
[Result "0-1"]
[WhiteElo "1868"]
[BlackElo "2029"]
[PlyCount "48"]
[EventDate "2010.01.02"]
[EventType "swiss"]
[EventRounds "11"]
[EventCountry "AUS"]
[SourceTitle "EXT 2011"]
[Source "ChessBase"]
[SourceDate "2010.11.26"]
[SourceVersion "1"]
[SourceVersionDate "2010.11.26"]
[SourceQuality "1"]

1. d4 Nf6 2. c4 g6 3. Nc3 Bg7 4. Nf3 d6 5. Bg5 c6 6. e3 Bg4 7. h3 Bxf3 8. Qxf3 Nbd7 9. Qd1 Qa5 10. Bf4 c5 11. Qd2 a6 12. Be2 0-0 13. 0-0 cxd4 14. exd4 e5 15. dxe5 dxe5 16. Bh6 Rfd8 17. Bxg7 Kxg7 18. Rfd1 Nc5 19. Qe3 Qc7 20. Bf3 e4 21. Nxe4 Ncxe4 22. Bxe4 Re8 23. Rd4 Rad8 24. Rad1 Rxe4 0-1